000 00625nam a2200229Ia 4500
003 OSt
005 20221007075621.0
006 a|||||r|||| 00| 0
007 ta
008 221006b |||||||| |||| 00| 0 eng d
024 _a14,949
037 _cTextual
040 _aFLL
_cFLL
_beng
041 _2eng
_aeng
082 _aX:957:Z2, M1
100 _aKumar H.L. Au.
_9686634
245 0 _aLaw relating to resignation and retirement
260 _aNew Delhi
_bMetropolitan book comp. India
_c1981
300 _a80p
_ccm.
942 _hX:957:Z2, M1
_cTEXL
_2CC
999 _c1156764
_d1156764